000 00217nam a2200097Ia 4500
008 240331s9999 xx 000 0 und d
082 _a331.4
_bPEN
100 _aWWE. ed
245 0 _aPengalum ulaipum surandalum
942 _cL
999 _c845
_d845